00573nam a2200205 a 4500001001300000003000900013005001700022008004100039020002300080082001700103100002900120245004400149260004400193300000900237500003500246505001900281650002200300650001600322700002900338nice12345678IN_TiNIC20260116011636.0050524s1974 cala grp 000 0 eng  a0878082 c10000a297.93bMIL1 aMiller, William Mc Elwee aBahai Faithb Its History and Teachings aCaliforniabWilliam Carey Libraryc1974 a443p aincludes index and biblioraphy2 aGlossary,index aAl-Kitab Al-Aqdas aBahai Faith1 aMiller, William Mc Elwee